[Event "Magdeburg op-A"]
[Site "Magdeburg"]
[Date "2014.06.11"]
[Round "6"]
[White "Luessmann, Thomas"]
[Black "Peters, Florian"]
[Result "1-0"]
[WhiteElo "1893"]
[BlackElo "1694"]
[PlyCount "61"]
[EventDate "2014.06.08"]
[EventType "swiss"]
[EventRounds "9"]
[EventCountry "GER"]
[SourceTitle "CBM 160 Extra"]
[Source "ChessBase"]
[SourceDate "2014.07.01"]
[SourceVersion "1"]
[SourceVersionDate "2014.07.01"]
[SourceQuality "1"]

1. d4 Nf6 2. c4 g6 3. Nc3 Bg7 4. e4 d6 5. f3 0-0 6. Be3 a6 7. Qd2 Nbd7 8. Nge2 c5 9. g4 cxd4 10. Nxd4 Ne5 11. Be2 Be6 12. Nd5 Rc8 13. b3 Nc6 14. Rd1 Nd7 15. Nxe6 fxe6 16. Nf4 Rxf4 17. Bxf4 e5 18. Be3 Nd4 19. h4 Nc5 20. h5 Nce6 21. hxg6 hxg6 22. Kf2 Nf4 23. Bxd4 Nxe2 24. Bxe5 Bxe5 25. Qd5+ Kg7 26. Kxe2 Bf4 27. Rh3 Rb8 28. Rdh1 Qg8 29. Rh7+ Kf6 30. Qxg8 Rxg8 31. Rh8 1-0

[Event "Magdeburg op-A"]
[Site "Magdeburg"]
[Date "2014.06.08"]
[Round "1"]
[White "Peters, Florian"]
[Black "Meissner, Felix"]
[Result "0-1"]
[WhiteElo "1694"]
[BlackElo "2211"]
[PlyCount "44"]
[EventDate "2014.06.08"]
[EventType "swiss"]
[EventRounds "9"]
[EventCountry "GER"]
[SourceTitle "CBM 160 Extra"]
[Source "ChessBase"]
[SourceDate "2014.07.01"]
[SourceVersion "1"]
[SourceVersionDate "2014.07.01"]
[SourceQuality "1"]

1. Nf3 Nf6 2. g3 g6 3. Bg2 Bg7 4. 0-0 0-0 5. d3 d5 6. c4 Nc6 7. Nbd2 d4 8. a3 a5 9. Rb1 a4 10. b4 axb3 11. Nxb3 e5 12. Ng5 Qd6 13. Nd2 Nd7 14. f4 exf4 15. Nde4 Qe7 16. Bxf4 Nde5 17. Qc1 Ng4 18. Bh3 Ra7 19. Bxg4 Bxg4 20. Nf3 Bf5 21. Nfd2 h6 22. e3 Bxe4 0-1

[Event "GER-ch U25 op-A"]
[Site "Oberhof"]
[Date "2012.06.02"]
[Round "9"]
[White "Haeusler, Yannick"]
[Black "Peters, Florian"]
[Result "1-0"]
[WhiteElo "1716"]
[BlackElo "1537"]
[PlyCount "75"]
[EventDate "2012.05.27"]
[EventType "swiss"]
[EventRounds "9"]
[EventCountry "GER"]
[SourceTitle "CBM 148 Extra"]
[Source "ChessBase"]
[SourceDate "2012.06.22"]
[SourceVersion "1"]
[SourceVersionDate "2012.06.22"]
[SourceQuality "1"]

1. e4 c6 2. d4 d5 3. Nc3 dxe4 4. Nxe4 Bf5 5. Ng3 Bg6 6. Bc4 e6 7. N1e2 Nd7 8. 0-0 Ngf6 9. Re1 Qc7 10. Nf4 0-0-0 11. Bxe6 fxe6 12. Nxe6 Qb6 13. Nxd8 Qxd8 14. c3 Nd5 15. Bd2 N7b6 16. b4 Nc4 17. Qc1 Be7 18. a4 Nxd2 19. Qxd2 Bg5 20. Qb2 Nf4 21. Red1 Qd5 22. f3 Nd3 23. Qa2 Qxa2 24. Rxa2 Bf7 25. Raa1 Be3+ 26. Kf1 Bc4 27. Ke2 Re8 28. Ne4 Bxd4 29. cxd4 Nb2+ 30. Kd2 Rd8 31. Rg1 Bf7 32. Kc3 Nc4 33. Rge1 Nd6 34. Nxd6+ Rxd6 35. Re7 Rf6 36. Rae1 g5 37. h3 Bg6 38. Rg7 1-0